| 000 | 00629ntm a22002537a 4500 | ||
|---|---|---|---|
| 005 | 20250805153029.0 | ||
| 008 | 221102b xxu||||| |||| 00| 0 spa d | ||
| 020 | _a9789930592243 | ||
| 041 | _aESP | ||
| 082 | _aCR 861.44 A696a | ||
| 100 |
_aArias Uva, Minor _911922 |
||
| 245 | _aArteria ancestral | ||
| 260 | _aCosta Rica | ||
| 260 | _bPoiesis | ||
| 260 | _c2022 | ||
| 300 | _a126 páginas | ||
| 490 | _aEUNICE ODIO, NO. 37 | ||
| 490 | _aTEMÁTICA GENERAL | ||
| 650 | _aTEMÁTICA GENERAL | ||
| 650 | _aLITERATURA COSTARRICENSE | ||
| 650 | _aPOESÍA COSTARRICENSE | ||
| 650 | _aCOSTA RICA | ||
| 942 |
_cLIT _2ddc |
||
| 999 |
_c13400 _d13400 |
||